Statistics for Bands by clue

Click here to take the quiz!

General Stats

  • This quiz has been taken 43 times
  • The average score is 6 of 13

Answer Stats

HintAnswer% Correct
1960s band formed in LiverpoolThe Beatles
97%
A female monarchQueen
86%
A fertile land in a desertOasis
81%
Britpop band formed in 1989Blur
64%
Famous for "Mr. Blue Sky"Electric Light Orchestra
56%
"I ain't no fortunate one"Creedence Clearwater Revival
47%
_____-182Blink-182
42%
In RainbowsRadiohead
31%
First album is referred to as The Blue AlbumWeezer
31%
Later reformed as New OrderJoy Division
28%
Wrote one of the most influential albumsPink Floyd
28%
Founded by Peter GreenFleetwood Mac
25%
God's Favourite BandGreen Day
17%

Score Distribution

Percentile by Number Answered

Percent of People with Each Score

Your Score History

You have not taken this quiz